| 000 | 00991 am a2200277ua 4500 | ||
|---|---|---|---|
| 001 | 011965398 | ||
| 005 | 20140302113958.0 | ||
| 008 | 910508s1991 xxka grb 001 0 eng d | ||
| 010 | _a90047660 | ||
| 020 | _a0415008522 | ||
| 040 |
_aUk _cUk |
||
| 082 | 0 | 4 |
_a338.4 _222 _bSER |
| 245 | 0 | 0 |
_aServices and metropolitan development : _binternational perspectives / _cedited by P. W. Daniels. |
| 250 | _a1st ed. | ||
| 260 |
_aLondon ; _aNew York, United States : _bRoutledge, _c1991 _e(Chatham, United Kingdom : _fMackays of Chathan PLC.) |
||
| 300 |
_axxii, 331 p. : _bill. ; _c24 cm. |
||
| 500 | _aIndex : p. 325-331. | ||
| 504 | _aIncludes bibliographical reference. | ||
| 650 | 0 |
_aService industries _920850 |
|
| 650 | 0 |
_aService industries workers _xSupply and demand _935087 |
|
| 650 | 0 |
_aEconomic development _910495 |
|
| 653 |
_bBUSECO _cFebruary2014 |
||
| 655 |
_vreading book _934232 |
||
| 700 | 1 |
_aDaniels, P. W. _q(Peter Walters), _d1945- _935009 _eeditor. |
|
| 942 |
_2ddc _k338.4 SER |
||
| 999 |
_c18036 _d18008 |
||